| 000 | 00800nam a2200181 4500 | ||
|---|---|---|---|
| 999 |
_c6349 _d6349 |
||
| 020 | _a9780321067326 | ||
| 022 | _a0321067320 | ||
| 050 |
_aPE1408 _b.F243 |
||
| 245 |
_aThe brief penguin handbook _cFaigley Lester |
||
| 260 |
_aNew York _bPearson Education Inc _c2003 |
||
| 300 |
_axx. 538 pages : _c20cm |
||
| 500 | _aIncludes Index | ||
| 505 | _aPart 1. Composing in the Digital Era Part 2. Writing in College and Beyond Part 3. Visual Rhetoric Part 4. Writing for the Web Part 5. Researching Part 6. Documenting Part 7. Effective style and Language Part 8. Understanding Grammar Part 9. Understanding punctuation and Mechanics Part 10. If English is not your first Language Includes Index | ||
| 650 | _aGrammar | ||
| 650 | _aEnglish Language | ||
| 650 | _aResearching | ||
| 942 | _cBK | ||